| 000 | 01569cam a2200313 a 4500 | ||
|---|---|---|---|
| 001 | 000006313 | ||
| 005 | 20200929153921.0 | ||
| 008 | 971201s1994 sp ab b 101 0 spa d | ||
| 020 | _a8478201939 | ||
| 040 |
_aDO-SdBNP _bspa _cEYM _dDLC _dBNPHU |
||
| 082 |
_a860.9 _bT315 |
||
| 111 | 2 |
_aCurso sobre Lengua y Literatura en Aragón _n(3nd: _d1992, _cUniversidad de Zaragoza) _917611 |
|
| 245 | 1 | 0 |
_aIII Curso sobre Lengua y Literatura en Aragón : _bsiglos XVIII-XX / _ccoordinación del curso, Tomás Buesa y José-Carlos Mainer ; edición de las actas, José Ma. Enguita. |
| 246 | 3 | _aTercero Curso sobre Lengua y Literatura en Aragón | |
| 260 |
_aZaragoza, España : _bInstitución Fernando el Católico, _c1994. |
||
| 300 |
_a356 p. ; _c24 cm. |
||
| 490 | 1 |
_aInstitución Fernando el Católico _v1620 |
|
| 500 | _a"Del 3 al 5 de febrero de 1992, en el Aula Magna de la Facultad de Filosofía y Letras de la Universidad de Zaragoza": p. anterior t.p. | ||
| 504 | _aIncluye referencias bibliográficas y notas al pie de las páginas | ||
| 650 | 4 |
_aLiteratura española _zAragón (España{Rpara} _xHistoria y crítica _xCongresos _917612 |
|
| 650 | 4 |
_aEspañol _zAragón (España{Rpara} _xCongresos _917613 |
|
| 650 | 4 |
_aEspañol _xPeríodo clásico, 1500-1700 _xCongresos _917614 |
|
| 700 | 1 |
_aBuesa Oliver, Tomás. _epról. _910574 |
|
| 700 | 1 |
_aMainer, José-Carlos. _913715 |
|
| 700 | 1 |
_aEnguita Utrilla, José Ma. _eed. _q(José María) _910575 |
|
| 830 | 0 |
_aInstitución Fernando el Católico ; _v1620 _916722 |
|
| 910 | _aCatalogación por copia / LC | ||
| 049 | _aBNGR | ||
| 999 |
_c6108 _d6108 |
||